Most Visited Websites (2008) Quiz Stats

 Plays Quiz Updated Sep 12, 2018

Score 0/40 Timer 04:00
0 Plays Today
Website % Correct
Google Sites
98.3%
Google Sites
98.3%
Yahoo! Sites
89.7%
Yahoo! Sites
89.7%
Facebook
78.5%
Facebook
78.5%
Fox Interactive Media
74.5%
Fox Interactive Media
74.5%
Microsoft Sites
64.6%
Microsoft Sites
64.6%
Turner Network
49.7%
eBay
45.8%
eBay
45.8%
Amazon/IMDB
44.9%
Amazon/IMDB
44.9%
Wikipedia
38.8%
Wikipedia
38.8%
AOL
38.7%
AOL
38.7%
BBC Sites
35.9%
Website % Correct
Apple Inc.
30.7%
Apple Inc.
30.7%
Ask Network
29.6%
Ask Network
29.6%
New York Times
21.3%
Weather Channel
15.2%
craigslist, inc
14.5%
News International
12.1%
Walmart
10.4%
Sky Sites
9.8%
Superpages.com Network
4.8%
Tesco Stores
3.5%
Lycos Europe Sites
3.2%
DMGT
2.1%
CNET Networks
2%
CNET Networks
2%
Yellow Book Network
1.3%
Viacom Digital
1.2%
Home Retail Group
1%
Glam Media
0.5%

You're not logged in!

Compare scores with friends on all Sporcle quizzes.
OR
Log In

Sporcle TV

Today on Sporcle TV


Watch our educational content, quiz creation guides, and fun videos on Sporcle TV.

Show Comments

Extras

Top Quizzes Today


Score Distribution

Your Account Isn't Verified!

In order to create a playlist on Sporcle, you need to verify the email address you used during registration. Go to your Sporcle Settings to finish the process.

Report this User

Report this user for behavior that violates our Community Guidelines.

Details: